| 000 | 00864nam a2200217 i 4500 | ||
|---|---|---|---|
| 001 | 42335 | ||
| 003 | ES-MaACL | ||
| 005 | 20250728085521.0 | ||
| 007 | t| | ||
| 008 | 030313s1972 sp ||||1| spa d | ||
| 100 | 1 |
_aCastillo López, Angel del. _936751 |
|
| 245 | 1 | 0 |
_aInventario de la riqueza monumental y artística de Galicia / _cpor Angel del Castillo López (1886-1961) ; introducción y bibliografía complementaria de José Filgueira Valverde. |
| 260 |
_aSantiago de Compostela : _bBibliófilos Gallegos, _c1972. |
||
| 300 |
_a715 p., 188 lám. : _bretr. aut. ; _c24 cm. |
||
| 490 | 1 | _aEnciclopedia gallega | |
| 700 | 1 |
_aFilgueira Valverde, José, _d1906-1996 _950833 |
|
| 710 | 2 |
_aBibliófilos Gallegos (Santiago de Compostela) _92164 |
|
| 830 | 0 |
_aEnciclopedia gallega _9229819 |
|
| 852 |
_aES-MaACL _jC-54827 _bR.87685 |
||
| 999 |
_c42335 _d42335 |
||